000 00292nam a2200121Ia 4500
008 190216s9999||||xx |||||||||||||| ||und||
100 _aJain. S.P. Narang. K.L.
245 0 _aAdvanced Financial Accounting
260 _bKalyani Pub:-
_c2003
300 _a580
650 _aCommerce
942 _cBK
999 _c6544
_d6544